Der Tatbestandskomplex "Dieselbe Rechtssache" im straf- (§ 356 StGB) und standesrechtlichen (§ 45 Nr. 2 BRAO) Parteiverrat eine - Leerformel?: Auf dem Weg zu einem neuen Paradigma

Saved in:  
Bibliographic Details
Main Author: Aigner, Martin 1960- (Author)
Format: Print Book
Language:German
Published: Aachen Shaker 1994
In:Year: 1994
Edition:Als Ms. gedr.
Check availability: HBZ Gateway
Subito Delivery Service: Order now.
Keywords:

MARC

LEADER 00000cam a22000002c 4500
001 1631666878
003 DE-627
005 20260410201642.0
007 tu
008 941230s1994 xx ||||| m 00| ||ger c
015 |a 94,N50,0297  |2 dnb 
015 |a 95,A08,0648  |2 dnb 
016 7 |a 942788486  |2 DE-101 
020 |a 3826501950  |9 3-8265-0195-0 
035 |a (DE-627)1631666878 
035 |a (DE-603)032466609 
035 |a (DE-576)042742307 
035 |a (DE-599)DNB942788486 
035 |a (OCoLC)180676704 
040 |a DE-627  |b ger  |c DE-627  |e rakwb 
041 |a ger 
084 |a 19  |2 sdnb 
084 |a PH 3640  |q DE-208  |2 rvk  |0 (DE-625)rvk/136065: 
084 |a PG 430  |q DE-208  |2 rvk  |0 (DE-625)rvk/135945: 
084 |a 86.35  |2 bkl 
100 1 |8 1\p  |a Aigner, Martin  |d 1960-  |0 (DE-588)1213261252  |0 (DE-627)1703743806  |4 aut 
109 |a Aigner, Martin 1960- 
245 1 4 |a Der Tatbestandskomplex "Dieselbe Rechtssache" im straf- (§ 356 StGB) und standesrechtlichen (§ 45 Nr. 2 BRAO) Parteiverrat eine - Leerformel?  |b Auf dem Weg zu einem neuen Paradigma  |c Martin Aigner 
250 |a Als Ms. gedr. 
264 1 |a Aachen  |b Shaker  |c 1994 
300 |a 201, XXXVIII S. 
336 |a Text  |b txt  |2 rdacontent 
337 |a ohne Hilfsmittel zu benutzen  |b n  |2 rdamedia 
338 |a Band  |b nc  |2 rdacarrier 
490 0 |a Berichte aus der Rechtswissenschaft 
502 |a Zugl.: Augsburg, Univ., Diss., 1990 
655 7 |a Hochschulschrift  |0 (DE-588)4113937-9  |0 (DE-627)105825778  |0 (DE-576)209480580  |2 gnd-content 
689 0 0 |d g  |0 (DE-588)4011889-7  |0 (DE-627)104732423  |0 (DE-576)208896201  |a Deutschland  |g Bundesrepublik  |2 gnd 
689 0 1 |d s  |0 (DE-588)4140229-7  |0 (DE-627)105629391  |0 (DE-576)20970103X  |a Parteiverrat  |2 gnd 
689 0 2 |d s  |0 (DE-588)4131795-6  |0 (DE-627)105692506  |0 (DE-576)209630256  |a Strafbarkeit  |2 gnd 
689 0 3 |d s  |0 (DE-588)4140228-5  |0 (DE-627)105629405  |0 (DE-576)209701021  |a Standesrecht  |2 gnd 
689 0 |5 DE-101 
751 |a Augsburg  |0 (DE-588)4003614-5  |0 (DE-627)106389114  |0 (DE-576)208852174  |4 uvp 
883 |8 1\p  |a cgwrk  |d 20241001  |q DE-101  |u https://d-nb.info/provenance/plan#cgwrk 
936 r v |a PH 3640  |b Sonstiges  |k Rechtswissenschaft  |k Strafrecht, Strafverfahrensrecht, Kriminologie  |k Strafrecht  |k Straftaten im Amt  |k Sonstiges  |0 (DE-627)1271739828  |0 (DE-625)rvk/136065:  |0 (DE-576)201739828 
936 r v |a PG 430  |b Einzeldarstellungen  |k Rechtswissenschaft  |k Rechtspflege, Gerichtsverfassung, Zivilverfahrensrecht und Nebengebiete  |k Gerichtsverfassung, Rechtspflege, Notariat (BF Notar recht), Justizverwaltung  |k Einzeldarstellungen  |0 (DE-627)1270805436  |0 (DE-625)rvk/135945:  |0 (DE-576)200805436 
936 b k |a 86.35  |j Strafrecht: Besonderer Teil  |0 (DE-627)106416731 
936 s n |a p100  |2 mzub 
951 |a BO 
ELC |b 1 
LOK |0 000 xxxxxcx a22 zn 4500 
LOK |0 001 3282764472 
LOK |0 003 DE-627 
LOK |0 004 1631666878 
LOK |0 005 20151116135023 
LOK |0 008 150728||||||||||||||||ger||||||| 
LOK |0 040   |a DE-21-110  |c DE-627  |d DE-21-110 
LOK |0 689   |a s  |a Parteiverrat 
LOK |0 689   |a s  |a Rechtsanwälte 
LOK |0 852   |z Kein Bestand am IfK; Nachweis für KrimDok 
LOK |0 852   |a DE-21-110 
LOK |0 852 1  |9 00 
LOK |0 935   |a k110 
LOK |0 939   |a 2015-07-28  |b l01 
ORI |a WA-MARC-krimdoka001.raw 
TIM |a 100019490523_100019901002  |b 1949-05-23 - 1990-10-02